Responses for show #4307 - Tuesday, April 29, 2003

2003 Celebrity Jeopardy! game 2.

Contestants

Ashton Kutcher, an actor from That '70s Show

Vivica A. Fox, an actress from Boat Trip

Wayne Brady, an actor, comedian and singer from The Wayne Brady Show

Jeopardy! Round responses

WAYNE'S WORLD
JUST MARRIED
CHEMICAL ELEMENTS
THE THEATRE
BOY, DO YOU NEED MAKE-UP!
ANIMAL VERBS
    $200 1
John Wayne

Ashton
    $200 17
(Ashton: What are the Catskills?)
(Vivica: What are the Hamptons?)

Niagara Falls

VivicaAshton
Triple Stumper
    $200 7
the Iron Age

Triple Stumper
    $200 4
Joan of Arc

Wayne
    $200 10
China

Wayne
    $200 3
(Wayne: What is butterfly?)

bat

Wayne
Triple Stumper
    $400 2
Wayne Gretzky

Wayne
    $400 22
(Ashton: What are giraffes and elephants?)
(Vivica: What are lions and tigers... and bears, oh my?)

(2 of) lion, elephant, leopard, rhinoceros & Cape buffalo

VivicaAshton
Triple Stumper
    $400 8
zinc

Ashton
    $400 18
Baz Luhrmann

Ashton
    $400 11
green

Wayne
    $400 5
seal

Triple Stumper
    $600 12
M*A*S*H

Wayne
    $600 23
(Wayne: Gondola... rower?)
(Alex: You mean [*]?)
(Wayne: Yes, [*].)
[The end-of-round signal sounds.]

a gondolier

Wayne
    $600 9
batteries

Wayne
    $600 19
Vincent Van Gogh

Ashton
    $600 14
(Vivica: What are lipliners?)

lips

Vivica
    $600 6
butterfly

Ashton
    $800 13
(Vivica: Cool! I finally got one!)

Wayne Newton

Vivica
    $800 20
(Vivica: What is Pluto?)
(Ashton: Uranus... Uranus... [*]?)
...
(Alex: Less than a minute to go.)

uranium

VivicaAshton
    $800 15
Richard Branson

Triple Stumper
    $1000 21
mercury

Ashton
    $1000 16
Ernest Borgnine

Wayne

Scores at the first commercial break (after clue 15):

Wayne Vivica Ashton
$2,200 $1,400 $1,200

Scores at the end of the Jeopardy! Round:

Wayne Vivica Ashton
$3,800 $0 $3,400

Double Jeopardy! Round responses

INDEPENDENCE DAY
THE BEVERLY HILLS PUBLIC LIBRARY
GRACELAND
THE PIANIST
HAIL TO THE CHIEF
WHAT ARE YOU AFRAID OF?
    $400 1
Mexico

Ashton
    $400 10
check it out

Wayne
    $400 4
Lisa Marie Presley

Wayne
    $400 6
Liberace

Wayne
    $400 16
Eisenhower

Wayne
    $400 9
(Wayne: What are big lips?)
(Vivica: What are shots...injections?)

wrinkles

WayneVivicaAshton
    $800 2
(Vivica: I'm sorry, I don't know.)
(Wayne: What is Argentina?)

Brazil

WayneVivicaAshton
    $800 23
(Vivica: What is Iraq?)

Afghanistan

WayneVivica
    $800 5
(Wayne: What are partridges?)

peacocks

WayneAshton
    $800 18
Richard M. Nixon

Vivica
    $800 17
Abraham Lincoln

Triple Stumper
    $800 7
bees

Wayne
    $1200 3
Greece

Wayne
    $1200 24
[The end-of-round signal sounds.]

Ernest Hemingway

Ashton
    $1200 12
"Taking Care of Business"

Wayne
    $1200 20
Lyndon Baines Johnson

Ashton
    $1200 8
the chin

Ashton
    $1600 19
Russia

Ashton
    $1,000 13
(Alex: From the song "Blue Christmas".)

blue

Wayne
    $1600 21
(Alex: We have less than a minute to go now.)

Franklin D. Roosevelt

Wayne
    $3,000 14
France

Wayne
    $2000 22
Dewey Decimal System

Wayne
    $2000 11
(Vivica: What is Zenith?)

RCA

WayneVivica
    $2000 15
birds

Wayne

Scores at the end of the Double Jeopardy! Round:

Wayne Vivica Ashton
$19,000 -$3,200 $11,000

[wagering suggestions for these scores]

Final Jeopardy! Round responses

FILMS OF THE '60s
(Alex: We're being very selfish, Vivica; we like looking at you and having you around!)
VivicaWho is Sally Field Julie Andrews
$350
AshtonWho Raquel Welch
$11,000
WayneWho is Julie Andrews
$5,000
Julie Andrews

Final scores:

Wayne Vivica Ashton
$24,000 $850 $0
Winner: $50,000 for Animal Avengers 2nd place: $20,000 for Breeding Tabernacle Church 3rd place: $20,000 for University of Iowa Patient Support Fund

Game dynamics:

Coryat scores:

Wayne Vivica Ashton
$18,200 -$3,200 $11,000
22 R
(including 2 DDs),
4 W
3 R,
7 W
15 R
(including 1 DD),
2 W

Combined Coryat: $26,000

The J! Archive is created by fans, for fans. The Jeopardy! game show and all elements thereof, including but not limited to copyright and trademark thereto, are the property of Jeopardy Productions, Inc. and are protected under law. This website is not affiliated with, sponsored by, or operated by Jeopardy Productions, Inc. Join the discussion at JBoard.tv.